وجاوزنا ببني إسرائيل البحر / (Record no. 47024)

MARC details
000 -LEADER
fixed length control field 00631nam a22001937a 4500
005 - DATE AND TIME OF LATEST TRANSACTION
control field 20251108170713.0
008 - FIXED-LENGTH DATA ELEMENTS--GENERAL INFORMATION
fixed length control field 250721s9999 xx 000 0 ara d
082 14 - DEWEY DECIMAL CLASSIFICATION NUMBER
Classification number ط/ 2118/هيب
100 1# - MAIN ENTRY--PERSONAL NAME
Personal name هيبة، رزق
245 10 - TITLE STATEMENT
Title وجاوزنا ببني إسرائيل البحر /
264 1# - PRODUCTION, PUBLICATION, DISTRIBUTION, MANUFACTURE, AND COPYRIGHT NOTICE
Place of production, publication, distribution, manufacture [القاهرة] :
Name of producer, publisher, distributor, manufacturer دار الفكر العربي،
Date of production, publication, distribution, manufacture, or copyright notice [19-].
300 ## - PHYSICAL DESCRIPTION
Extent 24ص.
490 0# - SERIES STATEMENT
Series statement أطفالنا في رحاب القرآن الكريم : آيات و قصة
Volume/sequential designation 56
650 17 - SUBJECT ADDED ENTRY--TOPICAL TERM
Topical term or geographic name as entry element اليهود
650 17 - SUBJECT ADDED ENTRY--TOPICAL TERM
Topical term or geographic name as entry element قصص القرآن
653 ## - INDEX TERM--UNCONTROLLED
Uncontrolled term ناشئون صغار (10-14 سنة)
942 ## - ADDED ENTRY ELEMENTS (KOHA)
Source of classification or shelving scheme Dewey Decimal Classification
Koha item type Books
Holdings
حالة السحب حالة الفقدان مصدر التصنيف حالة التلف غير قابل للإعارة المكتبة الرئيسية المكتبة الحالية موقع الرف تاريخ التزويد الرقم المتسلسل Total Checkouts رقم الإستدعاء الباركود تاريخ آخر ظهور تاريخ الفاتورة نوع المادة (كوها)
    Dewey Decimal Classification     مكتبة قتيبة للأطفال مكتبة قتيبة للأطفال الأطفال 05/11/2017 1665878   ط/ 2118/هيب PLD00409302 28/07/2025 05/11/2017 Books
    Dewey Decimal Classification     مكتبة أم المؤمنين للأطفال مكتبة أم المؤمنين للأطفال الأطفال 28/07/2025 419505   ط/ 2118/هيب 419505 28/07/2025 28/07/2025 Books
    Dewey Decimal Classification     مكتبة أم قصير والمقابلين العامة مكتبة أم قصير والمقابلين العامة الأطفال 28/09/2014 355497   ط/ 2118/هيب PLD00347746 28/07/2025 28/09/2014 Books
    Dewey Decimal Classification     مكتبة الأميرة ايمان العامة مكتبة الأميرة ايمان العامة الأطفال 29/11/2013 355479   ط/ 2118/هيب PLD00288495 28/07/2025 29/11/2013 Books
    Dewey Decimal Classification     مكتبة الاميرة بديعة مكتبة الاميرة بديعة الأطفال 26/07/2015 355490..   ط/ 2118/هيب PLD00338892 28/07/2025 26/07/2015 Books
    Dewey Decimal Classification     مكتبة البراءة للأطفال مكتبة البراءة للأطفال الأطفال 19/05/2015 1598532   ط/ 2118/هيب PLD00325024 28/07/2025 19/05/2015 Books
    Dewey Decimal Classification     مكتبة صويلح العامة مكتبة صويلح العامة الأطفال 10/07/2019 355495   ط/ 2118/هيب PLD00457148 28/07/2025 10/07/2019 Books
Implemented & Customized by: BBB with SCIT (Smart Chains for Information Technology)

Powered by Koha